Language Quiz

Random Language or Letter Quiz

Common Words By Any Two Letters Quiz Stats

Quiz Updated Nov 24, 2017

Challenge
Share
Tweet
Embed
Score 0/100 Timer 03:00
3 Plays Today
% Correct
A
98.7%
Than
98%
There
97.4%
That
97.3%
These
97.2%
Other
97.1%
Think
96.9%
Then
96.6%
This
96.5%
Their
96.5%
Them
96.1%
They
95.7%
With
95.5%
The
93.9%
I
93.7%
Because
93.7%
When
92.4%
Can
92.3%
What
92.3%
Want
91.3%
Into
89.1%
Her
87.7%
Which
86.5%
And
85.7%
Any
84.7%
Some
84.6%
An
84.2%
Come
83.6%
His
82.2%
Time
82%
She
81.1%
Year
78.8%
One
78.1%
After
77.5%
% Correct
Well
77%
Also
76.8%
About
76.2%
Who
75.3%
For
74.4%
He
73.9%
Could
73.9%
Be
73.4%
Not
72.3%
Know
71.8%
Now
70.9%
In
69.9%
To
69.7%
People
69.7%
Your
69.5%
You
69.1%
Would
68.7%
Most
68.1%
Work
67.9%
Over
67.5%
Good
67.1%
Use
66.7%
At
66.6%
Me
66.5%
Have
66.1%
Only
65.8%
Him
65.4%
See
65.4%
Make
64.3%
On
64%
First
63.7%
Its
63.5%
No
62.5%
Look
62.5%
% Correct
Even
62.1%
It
62.1%
We
61.9%
Say
61.3%
Just
61.1%
How
61%
Do
60.6%
As
60.2%
Take
59.8%
Will
59.7%
From
59.6%
Way
59.5%
So
56.8%
Back
56.7%
Day
56.7%
Like
56.5%
All
55.8%
New
55.5%
Go
53.3%
Out
52.4%
Get
52.3%
Our
52.1%
But
51.1%
Of
50.1%
Give
49.5%
Or
49.2%
Two
45.6%
If
43.7%
Us
32.3%
My
31.7%
By
28.4%
Up
26.1%

You're not logged in!

Compare scores with friends on all Sporcle quizzes.
Sign Up with Email
OR
Log In

You Might Also Like...

Show Comments

Extras

Top Quizzes Today


Score Distribution

Your Account Isn't Verified!

In order to create a playlist on Sporcle, you need to verify the email address you used during registration. Go to your Sporcle Settings to finish the process.